Escuela para padres, IV /
Guardado en:
| Autor Principal: | |
|---|---|
| Formato: | Libro |
| Publicado: |
Buenos Aires :
Esece,
1968.
|
| Materias: | |
| Etiquetas: |
Agregar Etiqueta
Sin Etiquetas, Sea el primero en etiquetar este registro!
|
| LEADER | 00522nam a22001815a 4500 | ||
|---|---|---|---|
| 001 | EHU.bham050899 | ||
| 008 | 220825s1968##################000#0#####d | ||
| 005 | 20220825094233.0 | ||
| 245 | 1 | 0 | |a Escuela para padres, IV / |c Eva Giberti. |
| 260 | |a Buenos Aires : |b Esece, |c 1968. | ||
| 300 | |a 337 p. | ||
| 100 | 1 | |a Giberti, Eva. | |
| 082 | 9 | 8 | |a 155.4 G355 IV |
| 653 | |a Psicología infantil | ||
| 653 | |a Niñez | ||
| 653 | |a Adolescencia | ||
| 653 | |a Educación | ||
| 859 | |a AR-BHAM |b BIB. HUMANIDADES - General |h 155.4 |i G355 |p 390.22 |v IV |3 Tomo IV | ||
